000257225 001__ 257225 000257225 005__ 20260412040123.0 000257225 0247_ $$aG:(GEPRIS)580539034$$d580539034 000257225 035__ $$aG:(GEPRIS)580539034 000257225 040__ $$aGEPRIS$$chttp://gepris.its.kfa-juelich.de 000257225 150__ $$aWann macht Schule Spaß? Eine Längsschnittanalyse der distalen Einflussfaktoren auf Freude$$y2026 - 000257225 371__ $$aAnna Hawrot, Ph.D. 000257225 450__ $$aDFG project G:(GEPRIS)580539034$$wd$$y2026 - 000257225 5101_ $$0I:(DE-588b)2007744-0$$aDeutsche Forschungsgemeinschaft$$bDFG 000257225 680__ $$a 000257225 909CO $$ooai:juser.fz-juelich.de:1056126$$pauthority:GRANT$$pauthority 000257225 909CO $$ooai:juser.fz-juelich.de:1056126 000257225 980__ $$aG 000257225 980__ $$aAUTHORITY
